Catalog

Record Details

Catalog Search



Strega Nona and her tomatoes  Cover Image Book Book

Strega Nona and her tomatoes / written and illustrated by Tomie dePaola.

DePaola, Tomie, 1934- (author,, illustrator.).

Summary:

Strega Nona fills her basket with two dozen tomatoes from her garden that she intends to donate to the convent, but her effort is challenged by her mischievous goat and her haphazard assistant, Big Anthony.

Record details

  • ISBN: 9781481481359
  • ISBN: 1481481355
  • ISBN: 9781481481342
  • ISBN: 1481481347
  • ISBN: 9781518246050
  • ISBN: 1518246052
  • Physical Description: 1 volume (unpaged) : color illustrations ; 24 cm.
  • Edition: Simon Spotlight edition.
  • Publisher: New York : Simon Spotlight, an imprint of Simon & Schuster, ©2017.

Content descriptions

Participant or Performer Note:
Illustrated by Author.
Subject: Strega Nona (Fictitious character) > Juvenile fiction.
Tomatoes > Juvenile fiction.
Counting > Juvenile fiction.
Helping behavior > Juvenile fiction.
Witches > Juvenile fiction.
Helpfulness > Fiction.
Genre: Readers (Primary)

Available copies

  • 1 of 1 copy available at scottsboropl.

Holds

  • 0 current holds with 1 total copy.
Show Only Available Copies
Location Call Number / Copy Notes Barcode Shelving Location Status Due Date
scottsboropl BR DeP 32269001037269 Juvenile - Beginning Reader Available -

LDR 01936nam a2200469Ii 4500
001145039
003CONS
00520180109133554.0
008161010s2017 nyua j 000 1 eng d
010 . ‡a 2017932248
020 . ‡a9781481481359 ‡q(hardcover)
020 . ‡a1481481355 ‡q(hardcover)
020 . ‡a9781481481342 ‡q(paperback)
020 . ‡a1481481347 ‡q(paperback)
020 . ‡a9781518246050 ‡q(FollettBound)
020 . ‡a1518246052 ‡q(FollettBound)
035 . ‡a(CPomAG)LMN603124
05014. ‡aPZ7.D439 ‡bSpk 2017
08204. ‡a[E] ‡223
1001 . ‡aDePaola, Tomie, ‡d1934- ‡eauthor, ‡eillustrator.
24510. ‡aStrega Nona and her tomatoes / ‡cwritten and illustrated by Tomie dePaola.
250 . ‡aSimon Spotlight edition.
264 1. ‡aNew York : ‡bSimon Spotlight, an imprint of Simon & Schuster, ‡c©2017.
300 . ‡a1 volume (unpaged) : ‡bcolor illustrations ; ‡c24 cm.
336 . ‡atext ‡btxt ‡2rdacontent
336 . ‡astill image ‡bsti ‡2rdacontent
337 . ‡aunmediated ‡bn ‡2rdamedia
338 . ‡avolume ‡bnc ‡2rdacarrier
4901 . ‡aReady-to-read. Level one, Star reader!
5110 . ‡aIllustrated by Author.
520 . ‡aStrega Nona fills her basket with two dozen tomatoes from her garden that she intends to donate to the convent, but her effort is challenged by her mischievous goat and her haphazard assistant, Big Anthony.
650 0. ‡aStrega Nona (Fictitious character) ‡vJuvenile fiction.
650 0. ‡aTomatoes ‡vJuvenile fiction.
650 0. ‡aCounting ‡vJuvenile fiction.
650 0. ‡aHelping behavior ‡vJuvenile fiction.
650 0. ‡aWitches ‡vJuvenile fiction.
650 1. ‡aHelpfulness ‡vFiction.
655 7. ‡aReaders (Primary) ‡2lcgft
830 0. ‡aReady-to-read. ‡nLevel one, ‡pStar reader!
914 . ‡aSCP_kt
959 . ‡i32269001037269 ‡lBR DeP ‡aJuvenile - Easy ‡tBeginning Reader ‡g10.00
852 . ‡p32269001037269 ‡jBR DeP ‡gJuvenile - Easy ‡cBeginning Reader ‡y10.00 ‡bSBPL
901 . ‡a145039 ‡bUnknown ‡c145039 ‡tbiblio

Additional Resources